| 000 | 00500nam a22001817a 4500 | ||
|---|---|---|---|
| 003 | BUBTL | ||
| 008 | 180324b xxu||||| |||| 00| 0 eng d | ||
| 082 | _a340 | ||
| 100 |
_91825 _aDhaka Law Reports |
||
| 245 | _aThe Special Power Act and Anti-Corruption Commission Act | ||
| 250 | _a7th ed. | ||
| 260 |
_aDhaka : _bEsrarul Huq Chowdhury _cc2002 |
||
| 300 |
_axxxviii,588 p. : _c25 cm. |
||
| 650 | 0 |
_926 _aLaw |
|
| 856 |
_k0 _l0 _yDownload |
||
| 942 |
_2ddc _cBK |
||
| 999 |
_c5693 _d5693 |
||